000 00664nas a2200253 4500
001 BR9607434
003 BR-BrBNA
005 20231205094944.0
007 ta
008 230509b bl.|||p| |||| 00| 00por d
040 _aBR-BrBNA
_bpor
_cBiblioteca Nacional de Agricultura
041 _a(Pt)
072 _aL01
100 1 _aKramer, J.H.
100 1 _aVaz, M.B.
245 1 _aComo baixar o custo de producao?
650 _aLeite
650 _aProducao
650 _aCusto
650 _aRentabilidade
773 0 _tRevista Batavo (Brazil)
_x
_g(Jun 1996), v. 4(56) p. 14-17
_wBR9607434
909 _a202311
_bLúcia
_c55
_dLúcia Elande
942 _2AGRIS
_n0
_cANA
999 _c147928
_d147928